| 000 | 01243nam a22002057a 4500 | ||
|---|---|---|---|
| 999 |
_c59719 _d59719 |
||
| 003 | Ge_BSU | ||
| 005 | 20230405164931.0 | ||
| 008 | 230405s2017 ge ||||| |||| 00| 0 geo d | ||
| 020 | _a9789941097614 | ||
| 041 | _ageo | ||
| 080 | _a930(479.22)(092):902(479.22) ჯ-14 | ||
| 245 |
_aალექსანდრე (ლალი) ჯავახიშვილი : _bცხოვრება და მოჭვაწეობა / _cშემდგ. და რედ. ოთარ ჯაფარიძე; საქართველოს მეცნიერებათა ეროვნული აკადემია. |
||
| 264 |
_aთბილისი, _c2017. |
||
| 300 |
_a434 გვ.; _b30 სმ. |
||
| 500 | _aწიგნი არი ქართულ. ინგლ. და რუსულ ენ. | ||
| 653 | _aალექსანდრე ჯავახიშვილის დაბადების 100 წლისთავი | ||
| 700 |
_aჯაფარიძე, ოთარ _eშემდგენელი, რედატორი _917506 |
||
| 710 |
_aსაქართველოს მეცნიერებათა ეროვნული აკადემია _917507 |
||
| 942 |
_2udc _cBK |
||